000
00282nam a2200133Ia 4500
100
_a
Caswell /fred
942
_c
BK
654
_a
statistics
245
_a
Success in statistics
260
_b
Maxwell Macmillan
_a
New york
_c
1990
300
_a
322
546
_a
ENGLISH
999
_c
26588
_d
26588